Представление документа в формате RUSMARC

ПолеНазваниеЗначение
  Тип записи a
  Библиографический уровень m
001 Контрольный номер ee62e052df6648ba8c527325b59e0c81
005 Дата корректировки 20140611135526.3
010 Индекс ISBN __
a ISBN 5-94723-552-8
200 Заглавие и сведения об ответственности 1_
a Заглавие Дизайн рекламы:поколение NEXT
e Сведения, относящиеся к заглавию Стратегия творческого проектирования
f Первые сведения об ответственности Павловская Елена
210 Выходные данные 1_
a Место издания СПб.
c Издательство Питер
d Дата издания 2003
215 Физическое описание __
a Объем 320 с.
610 Ключевые слова 0_
a Ключевые слова дизайн
610 Ключевые слова 0_
a Ключевые слова рекламная деятельность
610 Ключевые слова 0_
a Ключевые слова рекламная продукция
610 Ключевые слова 0_
a Ключевые слова рекламно-информационное воздействие
610 Ключевые слова 0_
a Ключевые слова рекламные компании
610 Ключевые слова 0_
a Ключевые слова рекламный образ
610 Ключевые слова 0_
a Ключевые слова рекламный бизнес
610 Ключевые слова 0_
a Ключевые слова творческая реклама
610 Ключевые слова 0_
a Ключевые слова коммуникативная реклама
610 Ключевые слова 0_
a Ключевые слова подражательная реклама
610 Ключевые слова 0_
a Ключевые слова имиджевая реклама
610 Ключевые слова 0_
a Ключевые слова патерналистская реклама
610 Ключевые слова 0_
a Ключевые слова рациональная реклама
610 Ключевые слова 0_
a Ключевые слова позиционирующая реклама
686 Индексы других классификаций __
a Классификационный индекс 65.9(2)421-803.8
2 Код системы rubbk
700 Автор _1
a Фамилия Павловская Елена
801 Источник записи _0
a Страна RU
b Организация РУК
c Дата составления 20041014
g Правила каталогизации PSBO
801 Источник записи _1
a Страна RU
b Организация РУК
c Дата составления 20041014
g Правила каталогизации PSBO
852 Данные о местонахождении __
i Авторский знак П12
j Шифр хранения ББК 65.9(2)421
901 Тип документа __
t Тип документа m
938 Служебная информация __
a Название организации Головной вуз
b Имя БД BOOK
c Название АИБС АИБС ИРБИС